LEADER 01771nas 2200553-a 450 001 996214996903316 005 20240116213021.0 011 $a1559-2324 035 $a(DE-599)ZDB2252855-6 035 $a(OCoLC)62511706 035 $a(CKB)1000000000307929 035 $a(CONSER)--2005215945 035 $a(EXLCZ)991000000000307929 100 $a20051208a20069999 s-- a 101 0 $aeng 135 $aurcnu|||||||| 181 $ctxt$2rdacontent 182 $cc$2rdamedia 183 $acr$2rdacarrier 200 00$aPlant signaling & behavior 210 1$aAustin, TX :$cLandes Bioscience,$d[2006]- 210 31$a[Philadelphia, PA] :$cTaylor & Francis 215 $a1 online resource (volumes) $cillustrations (some color) 300 $aRefereed/Peer-reviewed 311 $a1559-2316 517 3 $aPlant signaling and behavior 531 $aPLANT SIGNAL BEHAV 606 $aPlant ecophysiology$vPeriodicals 606 $aPlant cellular signal transduction$vPeriodicals 606 $aPlant Physiological Phenomena 606 $aSignal Transduction 606 $aPlant cellular signal transduction$2fast$3(OCoLC)fst01065327 606 $aPlant ecophysiology$2fast$3(OCoLC)fst01065426 608 $aPeriodical 608 $aInternet resource. 608 $aPeriodicals.$2fast 608 $aPeriodicals.$2lcgft 610 $aPlant Physiology 615 0$aPlant ecophysiology 615 0$aPlant cellular signal transduction 615 12$aPlant Physiological Phenomena 615 22$aSignal Transduction 615 7$aPlant cellular signal transduction. 615 7$aPlant ecophysiology. 676 $a581.05 906 $aJOURNAL 912 $a996214996903316 996 $aPlant signaling & behavior$92303847 997 $aUNISA LEADER 01509cam a22002777i 4500 001 991003075199707536 005 20250430130223.0 008 950111s1748 it f b 000 0 ita d 035 $ab14277141-39ule_inst 035 $aCICOGNARA-2719$9ExL 040 $aBibl. Interfacoltà T. Pellegrino$bita 100 1 $aMaffei, Scipione,$cmarchese$d<1675-1755>$0135203 245 10$aTre lettere del signor marchese Scipione Maffei.$bLa prima sopra il primo tomo di Dione nuovamente venuto in luce. La seconda sopra le nuove scoperte d'Ercolano. La terza sopra il principio della grand'iscrizione poco fa scavata nel Piacentino. 260 $aIn Verona :$bnella Stamperia del Seminario,$c1748. 300 $a44 p., [1] c. di tav. (ripieg.); $c4° (29 cm). 500 $aFrontoni, inziali. 500 $aIncisioni xilografiche. 500 $aRiproduzione in microfiche dell'originale conservato presso la Biblioteca Apostolica Vaticana 787 18$iLeopoldo Cicognara Program :$tBiblioteca Cicognara$h[microform] : literary sources in the history of art and kindred subjects 787 18$tCatalogo ragionato dei libri d'arte e d'antichità / Leopoldo Cicognara 907 $a.b14277141$b01-04-22$c28-07-16 912 $a991003075199707536 945 $aLE002 SB Raccolta Cicognara, mcrf 2679=VI M 77(8)$g0$lle002$pE0.00$rn$so $t11$u0$v0$w0$x0$y.i15748376$z28-07-16 996 $aTre lettere del signor marchese Scipione Maffei$91389706 997 $aUNISALENTO 998 $ale002$b28-07-16$cm$dg $e-$fita$git $h0$i1 LEADER 01227nam0 22003011i 450 001 UON00505573 005 20231205105434.194 010 $a978-83-653-9085-1 100 $a20210518d2019 |0itac50 ba 101 $amul 102 $aPL 105 $a|||| 1|||| 200 1 $aRok 1968 w Europie$ebadania i pami??$dThe Year 1968 in Europe$eResearch and Memory$fredakcja/edited by Piotr Podemski, Dario Prola 210 $aWarszawa$cWydawnictwo Naukowe Scholar$d2019 215 $a169 p.$d24 cm 510 1$3UON00505574$aˆThe ‰Year 1968 in Europe : Research and Memory 606 $aEuropa$xStoria$x1968$3UONC098067$2FI 620 $aPL$dWarszawa$3UONL000573 676 $a940.556$cStoria generale d'Europa 1960-1969$v21 702 1$aPODEMSKI$bPiotr$3UONV285212 702 1$aPROLA$bDario$3UONV171356 712 $aWydawnictwo Naukowe Scholar$3UONV285213$4650 801 $aIT$bSOL$c20250815$gRICA 899 $aSIBA - SISTEMA BIBLIOTECARIO DI ATENEO$2UONSI 912 $aUON00505573 950 $aSIBA - SISTEMA BIBLIOTECARIO DI ATENEO$dSI EO DUOMO V 0371 $eSI 36995 5 0371 996 $aRok 1968 w Europie$91779280 997 $aUNIOR